01849nam a22003977a 4500003000500000005001700005008004100022010001100063011001100074035001100085040000900096090001000105100003100115245020900146260004000355500006000395502007600455590003700531590004100568590004100609590004100650590004100691590004100732590004200773650002900815650003400844650003600878856006400914901000700978942000900985949007400994949006901068999001901137952015001156952014501306CHAP20220329143841.0120123s2011 mx r 00010 spa d a102767 a103739 a114428 cCHAP aTesis1 aRamos Rosete, Jorge99448910aRentabilidad del cultivo de limón Persa (Citrus latifilia Tan.) manejado bajo el sistema de producción con enfoque orgánico, en San Pedro, Tlapacoyan, Veracruzh[En línea]c/por Jorge Ramos Rosete aChapingo, Méx. :bEl autor,c2011 aPara ver el contenido del material haga clic en la liga aTesis (Ing. Agr. Esp. en Fitotecnia -- UACH. Departamento de Fitotecnia aALEPHb10c20130110lUCH01h1544 aBATCH-UPDb10c20130110lUCH01h1826 aBATCH-UPDb10c20130410lUCH01h1159 aBATCH-UPDb10c20130913lUCH01h1837 aBATCH-UPDb10c20140324lUCH01h1530 aBATCH-UPDb10c20141002lUCH01h0852 aCONVERSIONb10c20130109lUCH01h135714aAbonos orgánicos.927314aCultivosxRendimiento.93031814aLimón persazVeracruz.966879 3Finding aiduhttp://10.13.5.2/tesis/114428.pdfzTeclea aqui aBK cFOLL aTesisbBCcTESd33724002323421eTS2fc.2gDonaciØnh53283i114428st aTesisbBCcTESd33724002323462eTS1gDonaciØnh53282i114428st c102767d102767 00102local4053708TESISaBCbBCcPA_TESISd2019-12-31eDonacionfTESISl0oTesisp33724002323421r2019-12-31 00:00:00tc.2w2019-12-31yTESIS 00102local4051708TESISaBCbBCcPA_TESISd2019-12-31eDonacionfTESISl0oTesisp33724002323462r2019-12-31 00:00:00w2019-12-31yTESIS